000
00229 a2200097 4500
001
39805
100
_a
Ali Hasan A Qader
245
_a
Junaid Baghdadi
260
_a
Lahore
_b
Sang-e-Meel Publications
_c
1988
090
_c
24810
_d
24810
942
_a
NUST-CAE
_c
M
_c
16459
999
_c
274878
_d
274878